ARRUPE JESUIT UNIVERSITY

CORONAVIRUS -STOP THE SPREAD - CLEAN,DISINFECT,COVER

The enormous radio, and other stories. (Record no. 118622)

MARC details
000 -LEADER
fixed length control field 00669cam a2200253 4500
001 - CONTROL NUMBER
control field 241602
003 - CONTROL NUMBER IDENTIFIER
control field ARRUPE
005 - DATE AND TIME OF LATEST TRANSACTION
control field 20131121160449.0
008 - FIXED-LENGTH DATA ELEMENTS--GENERAL INFORMATION
fixed length control field 840725s1953 nyu 000 1 eng
010 ## - LIBRARY OF CONGRESS CONTROL NUMBER
LC control number 53006976
035 ## - SYSTEM CONTROL NUMBER
System control number (OCoLC)282381
035 ## - SYSTEM CONTROL NUMBER
System control number (OCoLC)ocm00282381
035 ## - SYSTEM CONTROL NUMBER
System control number (CStRLIN)NYCG84-B47130
035 ## - SYSTEM CONTROL NUMBER
System control number (NNC)241602
040 ## - CATALOGING SOURCE
Original cataloging agency DLC
Transcribing agency DLC
Modifying agency NBiSU
-- NNC
050 0# - LIBRARY OF CONGRESS CALL NUMBER
Classification number PZ3.C3983
Item number En
090 ## - LOCALLY ASSIGNED LC-TYPE CALL NUMBER (OCLC); LOCAL CALL NUMBER (OCLC)
Classification number (OCLC) (R) ; Classification number, CALL (RLIN) (NR) PS3505.H6428
Local cutter number (OCLC) ; Book number/undivided call number, CALL (RLIN) E5 1953
300 ## - PHYSICAL DESCRIPTION
Dimensions 22 cm.
100 1# - MAIN ENTRY--PERSONAL NAME
Personal name Cheever, John.
9 (RLIN) 3617
245 14 - TITLE STATEMENT
Title The enormous radio, and other stories.
260 ## - PUBLICATION, DISTRIBUTION, ETC. (IMPRINT)
Place of publication, distribution, etc New York,
Name of publisher, distributor, etc Funk & Wagnalls,
Date of publication, distribution, etc 1953.
300 ## - PHYSICAL DESCRIPTION
Extent 237 p.
942 ## - ADDED ENTRY ELEMENTS (KOHA)
Source of classification or shelving scheme Library of Congress Classification
Koha item type Monograph ( Printed materials)
Holdings
Withdrawn status Lost status Source of classification or shelving scheme Damaged status Not for loan Home library Current library Date acquired Total Checkouts Full call number Barcode Date last seen Price effective from Koha item type
    Library of Congress Classification     ARRUPE LIBRARY ARRUPE LIBRARY 21/11/2013   PZ3.C3983 E6 1953 46410214 21/11/2013 21/11/2013 Monograph ( Printed materials)

 

Arrupe Library. PO Box MP320 Mt Pleasant, Harare, Zimbabwe
263 242 745411|librarian@aju.ac.zw